[Event "ch-IND w"]
[Site "Pune IND"]
[Date "2007.11.15"]
[Round "11"]
[White "Harini,S"]
[Black "Uthra,P"]
[Result "1/2-1/2"]
[WhiteElo "2060"]
[BlackElo "2055"]

1.e4 c5 2.Nf3 e6 3.d4 cxd4 4.Nxd4 a6 5.Bd3 Nf6 6.O-O Qc7 7.Qe2 d6 8.c4 g6
9.f4 Bg7 10.Nb3 O-O 11.Nc3 Nbd7 12.Be3 b6 13.Kh1 Bb7 14.Rad1 Nc5 15.Bd4 Nxd3
16.Qxd3 Rfd8 17.f5 exf5 18.exf5 Qc6 19.Qh3 Nh5 20.Nd5 Qxc4 21.Nxb6 Qc2 22.fxg6 hxg6
23.Bxg7 Kxg7 24.Rd2 Qe4 25.Nxa8 Bxa8 26.Qc3+ Kg8 27.Qc7 Qe8 28.Rxd6 Bxg2+
29.Kxg2 Qe2+ 30.Rf2 Nf4+ 31.Kg3 Qe3+ 32.Rf3 Nh5+ 33.Kg2 Qe2+ 34.Kg1 Qe1+
35.Rf1 Qe3+ 36.Rf2 Qe1+ 37.Kg2 Qe4+ 38.Kf1 Qh1+ 39.Ke2 Re8+ 40.Kd3 Qe4+ 41.Kc3 Qe3+
42.Kb4 Qxf2 43.Ka3 Qe2 44.Qc6 Rb8 45.Qxa6 Qxh2 46.Qc6 Ng7 47.Rd7 Qf4 48.Rd4 Qh2
49.Rb4 Rxb4 50.Kxb4 Qxb2 51.Qc8+ Kh7 52.Qh3+ Nh5 53.a4 f5 54.a5 Qf6 55.Qc3 Qe7+
56.Qc5 Qe4+ 57.Kb5 f4 58.a6 f3 59.a7 Qb7+ 60.Qb6 Qd5+ 61.Ka6 f2 62.Qxf2 Qxb3
63.a8=Q Qa4+ 64.Kb7 Qe4+ 65.Kb8 Qe8+ 66.Ka7 Qa4+ 67.Kb7 Qe4+ 68.Kb8 Qe8+  1/2-1/2

[Event "TCh-FIN 2007-8"]
[Site "Finland FIN"]
[Date "2007.11.18"]
[Round "5"]
[White "Nyysti,S"]
[Black "Mishuchkov,N"]
[Result "1-0"]
[WhiteElo "2364"]
[BlackElo "2355"]

1.e4 c5 2.Nf3 e6 3.d4 cxd4 4.Nxd4 a6 5.Bd3 Nf6 6.O-O Qc7 7.Qe2 d6 8.c4 g6
9.Nc3 Bg7 10.Rd1 O-O 11.Nf3 Ng4 12.Bf4 Nd7 13.Rac1 Nge5 14.Nxe5 Nxe5 15.Qd2 Rd8
16.Be2 b6 17.Bg5 f6 18.Be3 Rb8 19.b3 Nf7 20.f4 f5 21.exf5 gxf5 22.Bf3 Bb7
23.Bxb7 Qxb7 24.Bd4 b5 25.Bxg7 Kxg7 26.Qd4+ Kf8 27.Re1 Re8 28.c5 dxc5 29.Qxc5+ Qe7
30.Qe3 Rbd8 31.Kh1 Qb4 32.Ne2 Qd2 33.Qg3 Rd3 34.Qh4 Re3 35.Ng1 Rxe1 36.Rxe1 h6
37.Nf3 Qxa2 38.Qf6 Qf2 39.Rd1  1-0

[Event "WYb14"]
[Site "Kemer TUR"]
[Date "2007.11.18"]
[Round "1"]
[White "Robson,R"]
[Black "Kilicbay,M"]
[Result "1-0"]
[WhiteElo "2368"]
[BlackElo "1971"]

1.e4 c5 2.Nf3 e6 3.d4 cxd4 4.Nxd4 a6 5.Bd3 Qc7 6.O-O Nf6 7.Qe2 d6 8.c4 Nbd7
9.Nc3 Be7 10.f4 O-O 11.Kh1 b6 12.Bd2 Bb7 13.Rae1 e5 14.Nf5 Bd8 15.Nd5 Nxd5
16.exd5 Bf6 17.Bb4 Nc5 18.Bxc5 Qxc5 19.fxe5 Bxe5 20.Ne7+ Kh8 21.Bxh7 g6 22.Bxg6 fxg6
23.Nxg6+ Kg7 24.Nxf8 Rxf8 25.Qg4+ Kh7 26.Rxf8 Qb4 27.Rf7+ Kh6 28.Qh4+ Kg6
29.Qh7+ Kg5 30.Rf5+  1-0

[Event "WYb16"]
[Site "Kemer TUR"]
[Date "2007.11.20"]
[Round "3"]
[White "Mammadov,A"]
[Black "Aydogdu,E"]
[Result "1-0"]
[WhiteElo "2247"]
[BlackElo "1994"]

1.e4 c5 2.Nf3 e6 3.d4 cxd4 4.Nxd4 a6 5.Bd3 Bc5 6.Nb3 Ba7 7.Qg4 Nf6 8.Qg3 d6
9.O-O Nc6 10.a4 Ne5 11.Be3 O-O 12.Bxa7 Rxa7 13.h3 b6 14.Nc3 Rd7 15.Be2 Bb7
16.Qe3 Qc7 17.f4 Nc4 18.Bxc4 Qxc4 19.Rad1 Qc6 20.Rfe1 Rfd8 21.Re2 h6 22.Kh2 e5
23.Rf1 Re7 24.Qd3 exf4 25.Rxf4 Ree8 26.Rxf6 gxf6 27.Nd4 Qd7 28.Nf5  1-0

[Event "WYb14"]
[Site "Kemer TUR"]
[Date "2007.11.21"]
[Round "4"]
[White "Tillyaev,U"]
[Black "Vaarala,E"]
[Result "1-0"]
[WhiteElo "2067"]
[BlackElo "1640"]

1.e4 c5 2.Nf3 e6 3.d4 cxd4 4.Nxd4 a6 5.Bd3 Qc7 6.O-O Nf6 7.Nc3 Nc6 8.Nb3 Be7
9.Be3 Ne5 10.f4 Nc4 11.Bxc4 Qxc4 12.e5 Ne4 13.Qd3 Qxd3 14.cxd3 Nxc3 15.bxc3 O-O
16.Bc5 Bxc5+ 17.Nxc5 b6 18.Na4 b5 19.Nc5 Rd8 20.a4 bxa4 21.Rxa4 Kf8 22.Rd4 Ke7
23.Rd6 a5 24.Ra1 f6 25.d4 Rg8 26.Rb6 Rd8 27.Rb5 a4 28.Rb4 fxe5 29.fxe5 a3
30.Rb3 a2 31.Rb2 Ra3 32.Ne4 Ba6 33.Rbxa2 Rxa2 34.Rxa2 Bc4 35.Rf2 Ra8 36.h3 Ra2
37.Nd6 Rxf2 38.Kxf2 Bd5 39.g3 h6 40.h4 g6 41.Ke3 Ba8 42.Kf4 Bd5 43.Ne4 Bc6
44.Nf6 Kf7 45.Ng4 Kg7 46.c4 Bb7 47.Nf6 Bc6 48.d5 Ba4 49.d6 Bc6 50.g4 Kf7
51.g5 h5 52.Ke3 Kf8 53.Kd4 Kf7 54.Kc5 Kf8 55.Kb6  1-0

[Event "WYb18"]
[Site "Kemer TUR"]
[Date "2007.11.21"]
[Round "4"]
[White "Lintchevski,D"]
[Black "Hayrapetian,O"]
[Result "1/2-1/2"]
[WhiteElo "2445"]
[BlackElo "2374"]

1.e4 c5 2.Nf3 e6 3.d4 cxd4 4.Nxd4 a6 5.Bd3 Qc7 6.O-O Nf6 7.Qe2 d6 8.c4 g6
9.Nc3 Bg7 10.Nf3 O-O 11.h3 Nbd7 12.Be3 b6 13.Rac1 Bb7 14.Rfd1 Nc5 15.Bg5 h6
16.Bf4 e5 17.Bd2 Nfd7 18.Bb1 Kh7 19.Be3 Nf6 20.Nd2 a5 21.f3 h5 22.Nf1 Ba6
23.Nb5 Bxb5 24.cxb5 Rfd8 25.a3 a4 26.Ba2 Qe7 27.Bf2 Bh6 28.Be3 Bxe3+ 29.Qxe3 Ne8
30.Bd5 Rac8 31.Qe2 Rc7  1/2-1/2

[Event "WYg16"]
[Site "Kemer TUR"]
[Date "2007.11.21"]
[Round "4"]
[White "Forgues,V"]
[Black "Uthra,P"]
[Result "1/2-1/2"]
[WhiteElo "1963"]
[BlackElo "2055"]

1.e4 c5 2.Nf3 e6 3.d4 cxd4 4.Nxd4 a6 5.Bd3 Nf6 6.O-O Qc7 7.Be3 Nc6 8.Nc3 Be7
9.Rb1 O-O 10.f4 d6 11.Qf3 Bd7 12.Qg3 Nxd4 13.Bxd4 Bc6 14.e5 Ne8 15.Qh3 g6
16.Rbe1 Qd7 17.Bf2 Ng7 18.Re3 dxe5 19.fxe5 f5 20.Qh6 Ne8 21.Rh3 Rf7 22.Rd1 Qc7
23.Qf4 b5 24.Ne2 Bd5 25.Nd4 Nf6 26.Nf3 Ng4 27.Bd4 Rd8 28.c3 Bxa2 29.Rg3 Qc6  1/2-1/2

[Event "WYb18"]
[Site "Kemer TUR"]
[Date "2007.11.22"]
[Round "5"]
[White "Spoelman,W"]
[Black "Sai,Sr"]
[Result "1-0"]
[WhiteElo "2445"]
[BlackElo "2302"]

1.e4 c5 2.Nf3 e6 3.d4 cxd4 4.Nxd4 a6 5.Bd3 Bc5 6.Nb3 Ba7 7.O-O Nc6 8.Qe2 Nge7
9.c4 O-O 10.Nc3 Ng6 11.Be3 Qc7 12.Bxa7 Rxa7 13.Rac1 Ra8 14.g3 d6 15.Qe3 Na5
16.Nxa5 Qxa5 17.Be2 Rd8 18.Rfd1 Qc7 19.h4 h6 20.Qd4 b6 21.b4 Bb7 22.Na4 Rab8
23.Nxb6 Bc6 24.Nd5 Bxd5 25.cxd5 Qb6 26.dxe6 fxe6 27.a3 Ne5 28.Qxb6 Rxb6 29.Rc7 d5
30.f4 Nf7 31.Bh5 Nd6 32.exd5 Nb5 33.Rc6 Rxc6 34.dxc6 Rc8 35.Bf3 Nxa3 36.Be4 Kf7
37.Ra1 Nb5 38.Rxa6 Nd4 39.Kf2 Rb8 40.Ra7+ Kf6 41.c7 Rc8 42.Rb7 e5 43.b5  1-0

[Event "WYg18"]
[Site "Kemer TUR"]
[Date "2007.11.22"]
[Round "5"]
[White "Davletbayeva,M"]
[Black "Herrera,Mil"]
[Result "1-0"]
[WhiteElo "2165"]
[BlackElo "2021"]

1.e4 c5 2.Nf3 e6 3.d4 cxd4 4.Nxd4 a6 5.Bd3 Nf6 6.O-O Qc7 7.Qe2 d6 8.c4 g6
9.Nc3 Bg7 10.Be3 O-O 11.Kh1 Nbd7 12.f4 b6 13.Rac1 Bb7 14.b4 Rac8 15.Nb3 Qb8
16.a4 Qa8 17.Bg1 Nh5 18.a5 d5 19.exd5 exd5 20.Nxd5 Bxd5 21.cxd5 Rxc1 22.Nxc1 bxa5
23.bxa5 Qxd5 24.Qa2 Qd6 25.Qc4 Qf6 26.g4 Nxf4 27.Qxf4 Qc3 28.Bb6 Be5 29.Qc4 Qb2
30.Qc2 Qb4 31.Qe2 Qd6 32.Bxa6 Nxb6 33.axb6 Qxb6 34.Qxe5 Qxa6 35.Qe2 Qb7+
36.Qf3 Qe7 37.Ne2 f6 38.Nf4 Kg7 39.Nd5 Qe6 40.g5 f5 41.Qc3+ Kf7 42.Qc7+ Kg8
43.Nf6+ Rxf6 44.gxf6 Qe4+ 45.Kg1 Qe3+ 46.Rf2 Qe1+ 47.Kg2 Qe4+ 48.Rf3 Qe2+
49.Kg3 Qe1+ 50.Kh3  1-0

[Event "WYb18"]
[Site "Kemer TUR"]
[Date "2007.11.22"]
[Round "6"]
[White "Brzeski,M"]
[Black "MacQueen,C"]
[Result "1-0"]
[WhiteElo "2307"]
[BlackElo "1949"]

1.e4 c5 2.Nf3 e6 3.d4 cxd4 4.Nxd4 a6 5.Bd3 Bc5 6.Nb3 Ba7 7.Nc3 Nc6 8.Bf4 d6
9.Bc4 e5 10.Bg3 Be6 11.Bd5 Qd7 12.Qd2 Nd4 13.f4 Bxd5 14.Nxd5 Nxb3 15.axb3 O-O-O
16.fxe5 dxe5 17.Bxe5 f6 18.Bg3 Ne7 19.O-O-O Nxd5 20.exd5 b5 21.Rhe1 Rhe8
22.Kb1 Kb7 23.Rxe8 Rxe8 24.Qd3 h6 25.Re1 Rxe1+ 26.Bxe1 Bb8 27.h3 Bd6 28.Bf2 Qc7
29.Qd4 Kc8 30.c4 Be5 31.Qg4+ Qd7 32.Qe4 bxc4 33.bxc4 Qa4 34.Qc2 Qb4 35.c5 a5
36.Ka2 a4 37.Be3 Qb5 38.Ka3 Qb7 39.Kxa4 Bxb2 40.Qf5+ Kd8 41.Qe6 Qa8+ 42.Kb5 Qb7+
43.Qb6+ Qxb6+ 44.Kxb6  1-0

[Event "WYb18"]
[Site "Kemer TUR"]
[Date "2007.11.22"]
[Round "6"]
[White "Edouard,R"]
[Black "Hayrapetian,O"]
[Result "1-0"]
[WhiteElo "2472"]
[BlackElo "2374"]

1.e4 c5 2.Nf3 e6 3.d4 cxd4 4.Nxd4 a6 5.Bd3 Qc7 6.O-O Nf6 7.Be3 Nc6 8.Nd2 d5
9.Nxc6 bxc6 10.c4 Bd6 11.h3 Bf4 12.Bxf4 Qxf4 13.Qc2 O-O 14.Rad1 g6 15.e5 Nd7
16.g3 Qg5 17.Kh2 Qe7 18.f4 Rb8 19.b3 a5 20.Rc1 Qb4 21.Qc3 Qxc3 22.Rxc3 Nc5
23.Bc2 d4 24.Rcf3 a4 25.Rb1 axb3 26.axb3 Rb4 27.Ra1 Rb6 28.Ra5 Nb7 29.Ra7 Nc5
30.Ra5 Nb7 31.Ra3 Nc5 32.Rf1 d3 33.Bd1 f5 34.exf6 Rxf6 35.Re1 Ra6 36.Rxa6 Nxa6
37.Kg2 Rf5 38.Re5 Rxe5 39.fxe5 Nc5 40.Kf3 Nd7 41.Kf4 Kf7 42.Ne4 Ke7 43.Nd6 Ba6
44.b4 Kd8 45.Ke4 Kc7 46.Kd4 Bb7 47.Ne4 h6 48.h4 Ba6 49.g4 Nb6 50.Nd6 Nc8
51.Ne4 Nb6 52.Bb3 Nd7 53.g5 hxg5 54.Nxg5 Nf8 55.Kxd3 Kd7 56.Kd4 Ke7 57.Bc2 Bb7
58.Be4 Kd7 59.Bc2 Ke7 60.Bd3 Kd8 61.Nh3 Ke7 62.Nf4 Kf7 63.Kc5  1-0

[Event "WYg16"]
[Site "Kemer TUR"]
[Date "2007.11.22"]
[Round "6"]
[White "Adam,A2"]
[Black "Uthra,P"]
[Result "1/2-1/2"]
[WhiteElo "1918"]
[BlackElo "2055"]

1.e4 c5 2.Nf3 e6 3.d4 cxd4 4.Nxd4 a6 5.Bd3 Nf6 6.Nc3 Qc7 7.O-O g6 8.Bg5 Bg7
9.Kh1 O-O 10.f4 d6 11.f5 Nc6 12.Nf3 b5 13.a3 Bb7 14.Qe1 exf5 15.exf5 Ne5
16.Nxe5 dxe5 17.Qh4 Qc6 18.Rf2 Rad8 19.Bxf6 Bxf6 20.Qe4 Qc5 21.Qe2 Rd4 22.fxg6 fxg6
23.Raf1 Kg7 24.Be4 Bc8 25.h3 Be6 26.Bd3 Bd5 27.Ne4 Bxe4 28.Bxe4 Qc4 29.Qxc4 bxc4
30.Bb7 a5 31.Bc6 Rd6 32.Bb5 Rc8 33.b3 cxb3 34.cxb3 Rc3 35.Bc4 a4 36.Rf3 Rc2
37.Bd3 Rd2 38.Bc4 e4 39.Re3 R6d4 40.Bb5 axb3 41.Rxb3 Bg5 42.Rg3 Kh6 43.h4 Be7
44.a4 Rb4 45.Re1 Bxh4 46.Rh3 g5 47.Bc6 Kg7 48.Rxe4 Rd1+ 49.Kh2 Rbb1 50.Rexh4 gxh4
51.Rxh4 Rh1+ 52.Kg3 Rb3+ 53.Bf3 Rxh4 54.Kxh4 Rb4+ 55.g4 Rxa4 56.Kg5 Ra5+
57.Kh4 Kf6 58.Be4 h6 59.Bf5 Ra1 60.Be4 Ke5 61.Bb7 Ra2 62.Kg3 Ra3+ 63.Kh4 Kf4
64.Bc8 Ra2 65.Kh5 Ra8 66.Bd7 Rd8 67.Be6 Ke5 68.Bf5 Rd6 69.Bc8 Rf6 70.Bf5 Kd6
71.Bc8 Ke7 72.Bf5 Kf8 73.Bd7 Kg7 74.Bf5 Ra6 75.Be4 Ra5+ 76.Bf5 Ra2 77.Kh4 Kf6
78.Bd7 Rh2+ 79.Kg3 Rd2 80.Bc8 Kg5 81.Kf3 Rc2 82.Bd7 Rc3+ 83.Kf2 Kf4 84.Kg2 Rg3+
85.Kh2 Kf3 86.Bc8 h5 87.gxh5 Rg5 88.Bb7+ Kf4 89.h6 Rh5+ 90.Kg2 Rxh6 91.Bd5 Rg6+
92.Kh3 Rg3+ 93.Kh2 Kg4 94.Bg2 Rb3 95.Bd5 Rb2+ 96.Kg1 Re2 97.Kf1 Re5 98.Bc6 Kg3
99.Bb7 Rb5 100.Bc6 Rb2 101.Ke1 Kf4 102.Kd1 Ke3 103.Kc1 Rb6 104.Bd7 Kd3 105.Bf5+ Kc3
106.Kd1 Rf6 107.Bh7  1/2-1/2

[Event "WYg16"]
[Site "Kemer TUR"]
[Date "2007.11.24"]
[Round "7"]
[White "Marshall,A"]
[Black "Ivanenko,O1"]
[Result "1/2-1/2"]
[WhiteElo "2208"]
[BlackElo "2125"]

1.e4 c5 2.Nf3 e6 3.d4 cxd4 4.Nxd4 a6 5.Bd3 g6 6.O-O Bg7 7.Nf3 Qc7 8.c4 Ne7
9.Qe2 Nbc6 10.Nc3 O-O 11.Bg5 d6 12.Rfd1 h6 13.Bf4 Ne5 14.Rac1 Bd7 15.b3 Rfd8
16.Bb1 g5 17.Bg3 N7g6 18.h4 Nxf3+ 19.Qxf3 Nxh4 20.Bxh4 gxh4 21.Qh5 Qc5 22.Qxh4 Bc6
23.Qg3 Qg5 24.Qh3 Rac8 25.Rc2 b5  1/2-1/2

[Event "WYb14"]
[Site "Kemer TUR"]
[Date "2007.11.24"]
[Round "7"]
[White "Rahimov,R"]
[Black "Stukopin,A"]
[Result "0-1"]
[WhiteElo "2120"]
[BlackElo "2356"]

1.e4 c5 2.Nf3 e6 3.d4 cxd4 4.Nxd4 a6 5.Bd3 Qc7 6.O-O Nf6 7.Qe2 d6 8.c4 Be7
9.b3 Nc6 10.Nxc6 Qxc6 11.Bb2 b6 12.f4 Bb7 13.Nd2 O-O 14.Kh1 Nd7 15.Nf3 Rad8
16.Rad1 Ba8 17.Bc2 Nc5 18.Rde1 Qb7 19.Qf2 f5 20.exf5 exf5 21.Nd4 Bh4 22.Qd2 Bxe1
23.Rxe1 Rde8 24.Rxe8 Rxe8 25.Nf3 Qe7 26.Bc3 Ne4 27.Bxe4 fxe4 28.Nd4 e3 29.Qe2 Qe4
30.h3 Qxf4 31.Qh5 Qf1+  0-1

[Event "WYb18"]
[Site "Kemer TUR"]
[Date "2007.11.24"]
[Round "7"]
[White "Ye,L"]
[Black "Yazgi,H"]
[Result "1-0"]
[WhiteElo "2214"]
[BlackElo "1944"]

1.e4 c5 2.Nf3 e6 3.d4 cxd4 4.Nxd4 a6 5.Bd3 Nf6 6.O-O d6 7.Nc3 Qc7 8.Be3 Nbd7
9.a4 b6 10.f4 Bb7 11.Qf3 Nc5 12.Rae1 Be7 13.Bd2 Nxd3 14.cxd3 O-O 15.Kh1 Rac8
16.Qg3 Kh8 17.Rf3 Nd7 18.Qg4 Nf6 19.Qg3 Nd7 20.Qf2 Bf6 21.Be3 Nc5 22.Qe2 Qd7
23.Rh3 g6 24.Nf3 Nxa4 25.Ng5 Bxg5 26.fxg5 Nxc3 27.bxc3 e5 28.Qf2 Rxc3 29.Bxb6 Qe7
30.Qh4 f5 31.gxf6 Qd7 32.Bd8 Rf7 33.Be7 Rc8 34.Qg5 Kg8 35.Rh6 Qb5 36.Rxg6+ Kh8
37.Rg7 Qb3 38.Qh6  1-0

[Event "WYb14"]
[Site "Kemer TUR"]
[Date "2007.11.25"]
[Round "8"]
[White "Tillyaev,U"]
[Black "Tilicheev,V"]
[Result "0-1"]
[WhiteElo "2067"]
[BlackElo "2117"]

1.e4 c5 2.Nf3 e6 3.d4 cxd4 4.Nxd4 a6 5.Bd3 Nf6 6.O-O Qc7 7.c4 d6 8.Nc3 g6
9.Be3 Bg7 10.h3 O-O 11.Qd2 Nc6 12.Kh1 Ne5 13.Rac1 Nxd3 14.Qxd3 b6 15.Nde2 Nd7
16.b3 Nc5 17.Qc2 Bb7 18.Bd4 Rac8 19.Bxg7 Kxg7 20.Nd4 Qe7 21.Qe2 e5 22.Nc2 f5
23.exf5 Qh4 24.f3 gxf5 25.Nd5 Bxd5 26.cxd5 b5 27.Ne3 f4 28.b4 fxe3 29.bxc5 dxc5
30.Qxe3 Qd4 31.Qg5+ Kh8 32.Rfd1 Qf4 33.Qe7 Qf6 34.d6 Qxe7 35.dxe7 Rfe8 36.Rd5 Rxe7
37.Rcxc5 Rxc5 38.Rxc5 e4 39.fxe4 Rxe4 40.Rc8+ Kg7 41.Rc7+ Kf6 42.Rc6+ Re6
43.Rc7 h6 44.Rc5 Ke7 45.Rc2 Kd6 46.g4 Kd5 47.Kg2 b4 48.h4 Re3 49.h5 a5 50.Kf1 a4
51.g5 hxg5 52.Rg2 Kc4 53.Rxg5 b3 54.Rg4+ Kc3 55.Rxa4 b2 56.Ra3+ Kd2  0-1

[Event "WYg16"]
[Site "Kemer TUR"]
[Date "2007.11.26"]
[Round "9"]
[White "Chan Wei Qi,S"]
[Black "Adam,A2"]
[Result "1/2-1/2"]
[WhiteElo "1627"]
[BlackElo "1918"]

1.e4 c5 2.Nf3 e6 3.d4 cxd4 4.Nxd4 a6 5.Bd3 Nf6 6.O-O Qc7 7.Re1 d6 8.Nc3 Nbd7
9.a4 Be7 10.Be3 O-O 11.f4 b6 12.Kh1 Bb7 13.f5 e5 14.Nde2 Nc5 15.Ng3 d5 16.Nxd5 Nxd5
17.exd5 Bxd5 18.Bf1 Qb7 19.Qg4 f6 20.Bc4 Bxc4 21.Qxc4+ Kh8 22.Red1 b5 23.axb5 axb5
24.Qe2 Ne4 25.Bf4 Nxg3+ 26.Bxg3 Rxa1 27.Rxa1 Ra8 28.Rxa8+ Qxa8 29.b3 h6 30.h3 Qd5
31.c4 bxc4 32.Qxc4 Qxc4 33.bxc4 Bc5 34.Be1 Kg8 35.g4 Kf7 36.Kg2 Ke7 37.Kf3 Kd6
38.Ke4 Ba3 39.Bf2  1/2-1/2

[Event "WYb14"]
[Site "Kemer TUR"]
[Date "2007.11.26"]
[Round "9"]
[White "Toksoz,L"]
[Black "Vaarala,E"]
[Result "1-0"]
[WhiteElo "1911"]
[BlackElo "1640"]

1.e4 c5 2.Nf3 e6 3.d4 cxd4 4.Nxd4 a6 5.Bd3 Qc7 6.O-O Nf6 7.Kh1 Be7 8.f4 d6
9.Qe2 Nbd7 10.Nf3 b6 11.e5 Ng8 12.Be4 d5 13.Bd3 g6 14.Nbd2 Nc5 15.c4 Nxd3
16.Qxd3 dxc4 17.Nxc4 Bc5 18.Be3 Ne7 19.Bxc5 bxc5 20.Nd6+ Kf8 21.Ng5 Nf5 22.Ngxf7 Rg8
23.Nxf5 gxf5 24.Qd6+ Qxd6 25.Nxd6 Bd7 26.g3 Bc6+ 27.Kg1 Rb8 28.b3 Bd5 29.Rac1 h5
30.Kf2 h4 31.Rg1 hxg3+ 32.Rxg3 Rh8 33.h3 Rh4 34.Ke3 Rb4 35.Rxc5  1-0

[Event "WYb14"]
[Site "Kemer TUR"]
[Date "2007.11.27"]
[Round "10"]
[White "Sjugirov,S"]
[Black "Stukopin,A"]
[Result "1-0"]
[WhiteElo "2422"]
[BlackElo "2356"]

1.e4 c5 2.Nf3 e6 3.d4 cxd4 4.Nxd4 a6 5.Bd3 Qc7 6.O-O Nf6 7.Qe2 d6 8.c4 Be7
9.Nc3 O-O 10.f4 Nbd7 11.Bd2 d5 12.cxd5 exd5 13.e5 Bc5 14.Be3 Re8 15.exf6 Nxf6
16.Qd2 Qb6 17.Na4 Bxd4 18.Nxb6 Bxe3+ 19.Qxe3 Rxe3 20.Nxa8 Rxd3 21.Rad1 Rxd1
22.Rxd1 Bd7 23.Nc7 Bc6 24.Rc1 a5 25.Na6 Nd7 26.Nc5 Nxc5 27.Rxc5 a4 28.Kf2 Kf8
29.g3 Ke7 30.Ke3 Kd6 31.Kd4 b6 32.Rc1 Bd7 33.b3 axb3 34.axb3 h5 35.Ra1 g6
36.Ra8 Be6 37.Rd8+ Kc6 38.b4 Kb5 39.Rd6 Kxb4 40.Rxb6+ Ka5 41.Rd6 Kb5 42.Rxd5+ Kc6
43.Ra5 Kd6 44.Ra6+ Ke7 45.Ke5 f6+ 46.Kd4 Bb3 47.Rb6 Ba2 48.Rb7+ Ke6 49.Rb2  1-0

[Event "WYg16"]
[Site "Kemer TUR"]
[Date "2007.11.27"]
[Round "10"]
[White "Krasnodebska,M"]
[Black "Uthra,P"]
[Result "1/2-1/2"]
[WhiteElo "1996"]
[BlackElo "2055"]

1.e4 c5 2.Nf3 e6 3.d4 cxd4 4.Nxd4 a6 5.Bd3 Nf6 6.O-O Qc7 7.c4 g6 8.Nc3 Bg7
9.Be3 O-O 10.f3 d6 11.Qd2 Nbd7 12.Rac1 b6 13.Rfd1 Bb7 14.Bf1 Rfd8 15.Qf2 Rac8
16.b4 Qb8 17.Nb3 Bc6 18.c5 dxc5 19.Bxa6 Bb7 20.Bxb7 Qxb7 21.bxc5 bxc5 22.Nxc5 Nxc5
23.Rxd8+ Rxd8 24.Bxc5 Nd7 25.Be3 Ra8 26.Qd2 Ne5 27.Ne2 Qa6 28.Bd4 Rd8 29.Qe3 Qxa2
30.Bxe5 Bxe5 31.f4 Bb8 32.Kf1 Ba7 33.Qc3 Qa6 34.Qc7 Rd2 35.Qc8+ Qxc8 36.Rxc8+ Kg7
37.Ke1 Ra2 38.e5 Be3 39.Kd1 Ra1+ 40.Kc2 Rh1 41.Rc3 Bb6 42.Rb3  1/2-1/2

[Event "Open"]
[Site "Rijeka CRO"]
[Date "2007.11.27"]
[Round "4"]
[White "Kekic,A"]
[Black "Bosiocic,Mari"]
[Result "0-1"]
[WhiteElo "2237"]
[BlackElo "2491"]

1.e4 c5 2.Nf3 e6 3.d4 cxd4 4.Nxd4 a6 5.Bd3 Nf6 6.O-O e5 7.Nf3 d6 8.c4 Be7
9.Nc3 O-O 10.Bg5 Nc6 11.Bxf6 Bxf6 12.Nd5 Be6 13.Rc1 g6 14.Nxf6+ Qxf6 15.h3 Rad8
16.a3 a5 17.Rc3 Qe7 18.Qb1 f5 19.b4 axb4 20.axb4 f4 21.c5 Nd4 22.Qd1 d5 23.exd5 Bxd5
24.Bc4 Bxc4 25.Rxc4 Qe6 26.Rc3 Nxf3+ 27.Qxf3 e4 28.Qe2 Rd4 29.Qb2 Qf6 30.Qb3+ Kg7
31.b5 f3 32.g3 Re8 33.Qa3 Rd5 34.Re1 Ree5 35.Rce3 Qe6 36.Qb2 Rxc5 37.g4 Kf7
38.Qd4 Rcd5 39.Qc4 Rxb5 40.Qc7+ Qe7 41.Qc4+ Kf6 42.Rxe4 Rxe4 43.Rxe4 Rb1+
44.Kh2 Qd6+ 45.Rf4+ Kg5 46.Kg3 Rg1+  0-1

[Event "WYb16"]
[Site "Kemer TUR"]
[Date "2007.11.28"]
[Round "11"]
[White "Yilmaz,M"]
[Black "Aydogdu,A"]
[Result "1-0"]
[WhiteElo "2247"]
[BlackElo "1957"]

1.e4 c5 2.Nf3 e6 3.d4 cxd4 4.Nxd4 a6 5.Bd3 Qc7 6.O-O Nf6 7.Qe2 d6 8.c4 Nbd7
9.Nc3 Ne5 10.Kh1 Nfd7 11.f4 Nxd3 12.Qxd3 g6 13.Be3 Bg7 14.Nb3 O-O 15.Rad1 Re8
16.Qxd6 Qxd6 17.Rxd6 b5 18.c5 Bf8 19.Rd3 b4 20.Na4 Nf6 21.Nb6 Rb8 22.c6 Nxe4
23.c7 Rb7 24.Rd8 Nd6 25.Nxc8 Rxc7 26.Rc1 Rd7 27.Rxe8 Nxe8 28.Bd4 Bg7 29.Bxg7 Kxg7
30.h3 Nf6 31.Nb6 Rd3 32.Nc4 Nh5 33.Ne5 Re3 34.Rc7 g5 35.Rxf7+ Kg8 36.Rd7 gxf4
37.Rd8+ Kg7 38.Rd7+ Kf8 39.Nf3 Ng3+ 40.Kh2 e5 41.Rd1 e4 42.Nfd4 Kf7 43.Nc1 Nh5
44.Nf5  1-0

[Event "WYg16"]
[Site "Kemer TUR"]
[Date "2007.11.28"]
[Round "11"]
[White "Chan Wei Qi,S"]
[Black "Jamison,C"]
[Result "1/2-1/2"]
[WhiteElo "1627"]
[BlackElo "1949"]

1.e4 c5 2.Nf3 e6 3.d4 cxd4 4.Nxd4 a6 5.Bd3 Qc7 6.O-O Nf6 7.Kh1 Nc6 8.Nxc6 bxc6
9.c4 Be7 10.Nd2 O-O 11.b3 d6 12.Bb2 e5 13.Rc1 Re8 14.h3 Bb7 15.f4 Rad8 16.Qf3 Qb8
17.Qg3 Nh5 18.Qg4 Nf6 19.Qg3 Nh5 20.Qg4 Nf6 21.Qe2 Nd7 22.Bb1 Bf6 23.Qf2 Re7
24.c5 dxc5 25.Nc4 exf4 26.Bxf6 Nxf6 27.e5 Nd5 28.Qxc5 h6 29.Rxf4 Qc7 30.Rg4 Kh8
31.Nd6 Bc8 32.Rg3 Rg8 33.Rg5 f6 34.Rh5 Rf8 35.Rf1 a5 36.Rf3 Be6 37.Rxh6+ gxh6  1/2-1/2

[Event "20th Belgrade Trophy"]
[Site "Belgrade SRB"]
[Date "2007.11.29"]
[Round "8"]
[White "Cabrilo,G"]
[Black "Nestorovic,De"]
[Result "1/2-1/2"]
[WhiteElo "2497"]
[BlackElo "2403"]

1.e4 c5 2.Nf3 e6 3.d4 cxd4 4.Nxd4 a6 5.Bd3 Nf6 6.O-O Qc7 7.Qe2 d6 8.c4 g6
9.Nc3 Bg7 10.Re1 O-O 11.Nf3 Nbd7 12.Bf4 Ne5 13.Nxe5 dxe5 14.Be3 Bd7 15.f3 Rfc8
16.Qf2 Bf8 17.Bb6 Qb8 18.a3 Bc6 19.b4 Nd7 20.Be3 b5 21.c5 Be7 22.Qe2 Qb7
23.Reb1 Rcb8 24.h3 a5 25.Kh2 a4 26.Rd1 Nf6 27.Rd2 Ne8 28.Qf2 Rd8 29.Rad1 Qb8
30.Qg3 Ra7 31.Be2 Rad7 32.Rxd7 Rxd7 33.Qe1 Rxd1 34.Qxd1 h5 35.Kh1 Kg7 36.Qf1 Nc7
37.f4 Bf6 38.fxe5  1/2-1/2

[Event "TCh-AUT 1st Bundesliga 2007-8"]
[Site "Baden AUT"]
[Date "2007.11.30"]
[Round "1"]
[White "Drabke,L"]
[Black "Korneev,O"]
[Result "1-0"]
[WhiteElo "2411"]
[BlackElo "2587"]

1.e4 c5 2.Nf3 e6 3.d4 cxd4 4.Nxd4 a6 5.Bd3 Bc5 6.Nb3 Be7 7.c4 d6 8.Nc3 Nf6
9.O-O b6 10.f4 Nbd7 11.Qe2 Bb7 12.Bd2 Qc7 13.Rae1 h5 14.Nd4 g6 15.b4 Rd8
16.f5 gxf5 17.exf5 e5 18.Ne6 fxe6 19.fxe6 Nf8 20.Nd5 Nxd5 21.cxd5 Bxd5 22.Rc1 Qa7
23.Rxf8+ Bxf8 24.Bg6+ Ke7 25.Bg5+ Kxe6 26.Qf2 Kd7 27.Qf6 b5+ 28.Kh1 Qa8 29.Bf5+ Ke8
30.Rc7  1-0

[Event "Four Nations Jr Teams"]
[Site "Oslo NOR"]
[Date "2007.11.30"]
[Round "1"]
[White "Dragicevic,Draz"]
[Black "Liatukas,M"]
[Result "1-0"]
[WhiteElo "2246"]
[BlackElo "2209"]

1.e4 c5 2.Nf3 e6 3.d4 cxd4 4.Nxd4 a6 5.Bd3 b5 6.O-O d6 7.a4 b4 8.Bd2 Qb6
9.Be3 Qc7 10.Qe1 Nf6 11.Qxb4 d5 12.Qc3 Qxc3 13.Nxc3 e5 14.Ndb5 axb5 15.Bxb5+ Bd7
16.Nxd5 Nxd5 17.exd5 Na6 18.c4 Bb4 19.Bxa6 Rxa6 20.c5 Ke7 21.b3 Bf5 22.f4 Bd3
23.Rfc1 e4 24.Kf2 Ra5 25.Bd4 f6 26.Ke3 Rd8 27.d6+ Ke6 28.c6 Kxd6 29.Bb6 Bc5+
30.Rxc5 Rxc5 31.Bxd8 Rxc6 32.Ba5 Kd5 33.Bd2 f5 34.b4 Rh6 35.h3 g5 36.fxg5 Rh4
37.g3 Rxh3 38.Kf4 Rh2 39.Be3 Rb2 40.b5 Ke6 41.a5 Rxb5 42.a6 Rb8 43.a7 Ra8
44.Rh1 Bb5 45.Rxh7 Bd7 46.g6 Kd6 47.g7 Be6 48.Rh8 Bg8 49.Kxf5 Re8 50.Rxg8  1-0

[Event "TCh-BEL 2007-8"]
[Site "Belgium BEL"]
[Date "2007.12.02"]
[Round "5"]
[White "Vrenegoor,T"]
[Black "Vandevoort,P"]
[Result "1/2-1/2"]
[WhiteElo "2348"]
[BlackElo "2383"]

1.e4 c5 2.Nf3 e6 3.d4 cxd4 4.Nxd4 a6 5.Bd3 g6 6.Nc3 Bg7 7.Be3 d6 8.Qd2 Nf6
9.Bh6 Bxh6 10.Qxh6 Nbd7 11.f3 b5 12.O-O-O Bb7 13.Bxb5 axb5 14.Ndxb5 Bc6 15.Nxd6+ Ke7
16.e5  1/2-1/2

[Event "Parsvnath ch-Commonwealth"]
[Site "New Delhi IND"]
[Date "2007.12.03"]
[Round "1"]
[White "Negi,D"]
[Black "Neelotpal,D"]
[Result "1/2-1/2"]
[WhiteElo "2056"]
[BlackElo "2489"]

1.e4 c5 2.Nf3 e6 3.d4 cxd4 4.Nxd4 a6 5.Bd3 Bc5 6.Nb3 Ba7 7.O-O Nc6 8.Qg4 Nf6
9.Qxg7 Rg8 10.Qh6 Ne5 11.Bg5 Rg6 12.Qh4 h6 13.Bxf6 Qxf6 14.Qxf6 Rxf6 15.Be2 d6
16.g3 Bd7 17.N1d2 O-O-O 18.Kg2 Rg8 19.f4 Ng4 20.Bxg4 Rxg4  1/2-1/2

[Event "Parsvnath ch-Commonwealth"]
[Site "New Delhi IND"]
[Date "2007.12.04"]
[Round "3"]
[White "Konguvel,P"]
[Black "Prakash,R"]
[Result "0-1"]
[WhiteElo "2394"]
[BlackElo "2286"]

1.e4 c5 2.Nf3 e6 3.d4 cxd4 4.Nxd4 a6 5.Bd3 Qc7 6.O-O Nf6 7.Qe2 Bc5 8.Nb3 Be7
9.c4 d6 10.Nc3 Nbd7 11.f4 O-O 12.Bd2 Rd8 13.Rae1 Bf8 14.Bb1 g6 15.Nd4 Bg7
16.Nf3 b6 17.f5 Bb7 18.fxe6 Re8 19.Rd1 d5 20.e5 Ng4 21.cxd5 Ndxe5 22.Nxe5 Bxe5
23.Bf4 Rad8 24.h3 Bxf4 25.Rxf4 Qe5 26.Rf2 Qd4 27.Rf1 Kg7 28.hxg4 Kh6  0-1

[Event "Parsvnath ch-Commonwealth"]
[Site "New Delhi IND"]
[Date "2007.12.05"]
[Round "4"]
[White "Ganguly,S"]
[Black "Prathamesh,S"]
[Result "1-0"]
[WhiteElo "2585"]
[BlackElo "2371"]

1.e4 c5 2.Nf3 e6 3.d4 cxd4 4.Nxd4 a6 5.Bd3 Bc5 6.Nb3 Ba7 7.Qg4 Nf6 8.Qg3 d6
9.Nc3 Nc6 10.O-O Ne5 11.Be2 h5 12.Bf4 Bd7 13.Rad1 Qe7 14.Rxd6 Qxd6 15.Bxe5 Qf8
16.Bd6 Qg8 17.Na5 b6 18.Nb7 b5 19.e5 Ng4 20.h3 Nxf2 21.Rxf2 Bxf2+ 22.Qxf2 Rh6
23.Bb4  1-0

[Event "17th TCh-SLO w"]
[Site "Ljubljana SLO"]
[Date "2007.12.07"]
[Round "6"]
[White "Hocevar,M"]
[Black "Ushenina,A"]
[Result "0-1"]
[WhiteElo "1994"]
[BlackElo "2486"]

1.e4 c5 2.Nf3 e6 3.d4 cxd4 4.Nxd4 a6 5.Bd3 Qc7 6.O-O Nf6 7.Kh1 d6 8.Nc3 Nbd7
9.f4 b5 10.a3 Bb7 11.Qf3 g6 12.Bd2 Bg7 13.Nb3 O-O 14.Qe2 Rac8 15.a4 b4 16.Na2 a5
17.c3 Nc5 18.Nxc5 dxc5 19.e5 Nd5 20.c4 Nb6 21.b3 Rfd8 22.Rad1 Qc6 23.Be3 f6
24.Qf2 fxe5 25.Be2 Nd7 26.Bf3 e4 27.Bg4 h5 28.Bh3 Rf8 29.Qd2 Rf7 30.Nc1 Bf8
31.Ne2 Nf6 32.Ng3 Kh8 33.Qe2 Ng8 34.Qb2+ Bg7 35.Qd2 Nh6 36.Qd6 Bf8 37.Qe5+ Kh7
38.Nxh5 gxh5 39.Qxh5 Kg8 40.g4 Rh7 41.Qg6+ Kh8 42.Qf6+ Bg7 43.Qg6 Rf8 44.f5 exf5
45.gxf5 Ng8 46.f6 Rxf6 47.Rxf6 Qxf6 48.Qxf6 Bxf6 49.Bf4 Re7 50.Kg2  0-1